000 02775cam a2200265 4500500
005 20260111082233.0
041 _afre
042 _adc
100 1 0 _aPrieur, Michel
_eauthor
245 0 0 _aLe projet de troisième Pacte international relatif au droit des êtres humains à l’environnement de 2017
260 _c2020.
500 _a11
520 _aL’échec du Pacte mondial pour l’environnement à Nairobi en 2019 permet de faire progresser deux autres initiatives de la société civile : la Déclaration des droits de l’humanité et le troisième Pacte des droits de l’Homme. Cet article s’intéresse à ce second projet. Son but est d’inscrire la reconnaissance universelle du droit des êtres humains à l’environnement, non pas dans un nouveau traité sur l’environnement, mais dans un nouveau traité sur les droits de l’Homme. Cette idée est ancienne. De plus, le droit à l’environnement est déjà consacré dans des instruments régionaux. Ce troisième Pacte n’a pas pour objectif d’introduire dans le droit international de nouveaux concepts mais de prendre acte des acquis et d’empêcher toute régression des droits liés à l’environnement. Avec ce projet de troisième Pacte, on renforce les droits liés à l’environnement en les rattachant étroitement aux droits de l’Homme tout en évitant un alourdissement des structures existantes.
520 _aThe failure of the Global Pact on the environment in Nairobi in 2019 leads to push forward two other civil society’s initiatives: the Declaration of Humankind Rights and the Third International Covenant on the Human Right. This article is related to the second one. The purpose is to recognize the universal right on the human right to the environment into a new human rights treaty, and not into a new environmental one. This is an old idea. The Environmental Law has been already recognized by regional legal instruments. The purpose of this Third Covenant is to note the achievements and to prevent regression of rights related to the environment. With this draft, the rights related to the environment are strengthened thanks to their closed connection to the human rights, whilst avoiding to increase the existing structures burden.
690 _adroit à l’environnement
690 _adroit de l’Homme
690 _aPacte mondial
690 _aprincipe de non-régression
690 _aGlobal Pact
690 _ahuman rights
690 _aprinciple of non-regression
690 _aright to the environment
786 0 _nRevue juridique de l’environnement | Volume 45 | 2 | 2020-06-26 | p. 269-277 | 0397-0299
856 4 1 _uhttps://droit.cairn.info/revue-juridique-de-l-environnement-2020-2-page-269?lang=fr&redirect-ssocas=7080
999 _c1617137
_d1617137